Gaming Quiz

Random Gaming or Board Games Quiz

Kinect Quiz Stats

 Plays Quiz not verified by Sporcle

Score 0/15 Timer 05:00
0 Plays Today
Game Type Launch Title % Correct
AdventureKinect Adventures
76.9%
AnimalKinectimals
72.5%
SportsKinect sports
65.9%
DanceDance Central
52.7%
RacingKinect Joy Ride
45.1%
RacingSonic Free Riders
33%
SportsMotion Sports
18.7%
FitnessThe Biggest Loser: Ultimate Workout
17.6%
Game Type Launch Title % Correct
FitnessZumba Fitness
16.5%
FitnessYour Shape: Fitness Evolved
8.8%
DanceDance Masters
7.7%
SportsEA Sports Active 2
5.5%
SportsDeca Sports Freedom
3.3%
Downhill RacerAdrenalin Misfits
2.2%
PartyGame Party: In Motion
2.2%

You're not logged in!

Compare scores with friends on all Sporcle quizzes.
OR
Log In

Show Comments

Extras

Top Quizzes Today


Score Distribution

Your Account Isn't Verified!

In order to create a playlist on Sporcle, you need to verify the email address you used during registration. Go to your Sporcle Settings to finish the process.

Report this User

Report this user for behavior that violates our Community Guidelines.

Details: